00422nam a2200121 a 450000100100000000500170001000800410002704000250006808200150009311000850010824500220019326000850021500003035120200930062252.0110510s1984 dr 000 0 spa d aDO-SdBNPbspacBNPHU axxxxbI59m1 aRepública Dominicana.bInstituto Nacional de Formación Técnico Profesional10aManual de barman. aSanto Domingo :bInstituto Nacional de Formación Técnico Profesional,c1984.